000 00834nam a2200253Ia 4500
003 OSt
005 20221005101908.0
006 a|||||r|||| 00| 0
007 ta
008 221004b |||||||| |||| 00| 0 eng d
020 _a9780252034268 (hbk)
_c1818.40
024 _a105996
037 _b849, 16/03/2011, Bhagwati Book Seller
_cTextual
040 _aCRL
_cCRL
_beng
041 _2eng
_aeng
082 _aY15-73(P6):3.73, P9
100 _aThompson Lisa B.
_9622683
245 0 _aBeyond the black lady
_b Sexuality and the new Afircan American middle class
260 _aUrbana
_bUniversity of Illinois Press
_c2009
300 _axiii,185p.
_ccm.
650 _aSOCIOLOGY
942 _hY15-73(P6):3.73, P9
_cTEXL
_2cc
999 _c1007509
_d1007509